Ο Χαϊνης Γεώργιος Βέργας : και τ' αδέλφια του
Saved in:
| Main Author: | |
|---|---|
| Format: | Book |
| Language: | Greek |
| Published: |
Ηράκλειο :
Ορεινός Κρής,
1991
|
| Subjects: | |
| Tags: |
Add Tag
No Tags, Be the first to tag this record!
|
MARC
| LEADER | 00000cam a2200000 i 4500 | ||
|---|---|---|---|
| 001 | 1/45624 | ||
| 008 | 070606s1991 gre d | ||
| 035 | |l 10088168 | ||
| 040 | |a GR-MY-UA |b gre |e aacr | ||
| 041 | 0 | |a gre | |
| 082 | 0 | |a 920.71 |2 (22) | |
| 100 | 1 | |a Κορναράκης, Γεώργιος Μ. | |
| 245 | 1 | 2 | |a Ο Χαϊνης Γεώργιος Βέργας : |b και τ' αδέλφια του / |c Γεωργίου Μιχ. Κορναράκη |
| 260 | |a Ηράκλειο : |b Ορεινός Κρής, |c 1991 | ||
| 300 | |a 36 σ.; |c 21 εκ. | ||
| 600 | 1 | 0 | |a Βέργας, Γεώργιος. |
| 650 | 0 | 0 | |a Heroes. |
| 651 | 0 | |a Crete (Greece) |x History. | |
| 852 | |a INST |b RHODES |e 20070606 |h 920.71 ΚΟΡ |p 005400026455 |q 005400026455 |t BK |y 0 | ||
| 901 | |a BIBL4-2007-2 | ||
| 909 | |a Ρ |b 127959 | ||
| 970 | |a ΜΙΣΣΟΣ |b ΣΤΑΥΡΟΣ |z 2007/06/06 | ||